书目信息 |
| 题名: |
民族的重建
|
|
| 作者: | 斯奈德 著 ;潘梦琦 译 | |
| 分册: | ||
| 出版信息: | 南京 南京大学出版社 2020.01 |
|
| 页数: | 474页 | |
| 开本: | 21cm | |
| 丛书名: | ||
| 单 册: | ||
| 中图分类: | K508 | |
| 科图分类: | ||
| 主题词: | 民族历史--min zu li shi--研究--欧洲--1569-1999 | |
| 电子资源: | ||
| ISBN: | 978-7-305-22164-4 | |
| 000 | 01439nam0 2200277 450 | |
| 001 | 2039376720 | |
| 005 | 20201106105628.71 | |
| 010 | @a978-7-305-22164-4@dCNY68.00 | |
| 100 | @a20191225d2020 em y0chiy50 ea | |
| 101 | 1 | @achi@ceng |
| 102 | @aCN@b320000 | |
| 105 | @aa z 001yy | |
| 200 | 1 | @a民族的重建@Amin zu de chong jian@e波兰/乌克兰/立陶宛/白俄罗斯@e1569-1999@d= The reconstruction of nations@ePoland, Ukraine, Lithuania, Belarus@e1569-1999@f(美) 蒂莫西·斯奈德著@g潘梦琦译@zeng |
| 210 | @a南京@c南京大学出版社@d2020.01 | |
| 215 | @a474页@c图@d21cm | |
| 314 | @a蒂莫西·斯奈德, 当今美国杰出的历史学家之一。潘梦琦, 毕业于复旦大学国政系, 现为编辑。 | |
| 320 | @a有索引 | |
| 330 | @a现代欧洲东部、北部的民族主义常常导致暴力, 之后往往有着血腥过去的民族之间又达成了和解。在本书中, 蒂莫西·斯奈德探究了过去四个世纪中波兰、乌克兰、立陶宛和白俄罗斯民族的历史, 讨论了那些骇人的暴行 (首次论述了20世纪40年代波兰人和乌克兰人之间大规模的种族清洗事件) , 以及波兰在战后如何与东部邻国成功和解。 | |
| 500 | 10 | @aReconstruction of nations : Poland, Ukraine, Lithuania, Belarus@e1569-1999@mChinese |
| 517 | 1 | @a波兰/乌克兰/立陶宛/白俄罗斯@Abo lan / wu ke lan / li tao wan / bai e luo si |
| 606 | 0 | @a民族历史@Amin zu li shi@x研究@y欧洲@z1569-1999 |
| 690 | @aK508@v5 | |
| 701 | 1 | @a斯奈德@Asi nai de@g(Snyder, Timothy),@f1969-@4著 |
| 702 | 0 | @a潘梦琦@Apan meng qi@4译 |
| 801 | 0 | @aCN@b人天书店@c20201003 |
| 905 | @aZUCC@dK508@eS709 | |
| 民族的重建:波兰/乌克兰/立陶宛/白俄罗斯:1569-1999= The reconstruction of nations:Poland, Ukraine, Lithuania, Belarus:1569-1999/(美) 蒂莫西·斯奈德著/潘梦琦译.-南京:南京大学出版社,2020.01 |
| 474页:图;21cm |
| ISBN 978-7-305-22164-4:CNY68.00 |
| 现代欧洲东部、北部的民族主义常常导致暴力, 之后往往有着血腥过去的民族之间又达成了和解。在本书中, 蒂莫西·斯奈德探究了过去四个世纪中波兰、乌克兰、立陶宛和白俄罗斯民族的历史, 讨论了那些骇人的暴行 (首次论述了20世纪40年代波兰人和乌克兰人之间大规模的种族清洗事件) , 以及波兰在战后如何与东部邻国成功和解。 |
| ● |
| 相关链接 |
|
|
|
正题名:民族的重建
索取号:K508/S709
 
预约/预借
| 序号 | 登录号 | 条形码 | 馆藏地/架位号 | 状态 | 备注 |
| 1 | 1481819 | 214818198 | 社科库309/309社科库 40排4列2层/ [索取号:K508/S709] | 在馆 | |
| 2 | 1481820 | 214818205 | 社科库309/309社科库 40排4列2层/ [索取号:K508/S709] | 在馆 | |
| 3 | 1481821 | 214818214 | 社科库309/309社科库 40排4列2层/ [索取号:K508/S709] | 在馆 |